| 000 | 00530nam a2200181Ia 4500 | ||
|---|---|---|---|
| 005 | 20250326140339.0 | ||
| 008 | 250326s9999 xx 000 0 und d | ||
| 037 | _aTextbook | ||
| 040 |
_aFMSL _beng _cFMSL |
||
| 041 |
_aeng _2eng |
||
| 084 |
_aX:8D.44 P2 _qFMSL |
||
| 100 | _aTarapore S S | ||
| 245 | 0 |
_aTwists and Turns In Ficial Reforms _cTarapore S S |
|
| 260 |
_aNew Delhi _bNew Delhi, UBS Publishers Distributers Pvt. Ltd. _c2002 |
||
| 300 | _a294p | ||
| 942 |
_cTB _hX:8D.44 P2 |
||
| 999 |
_c1285359 _d1285359 |
||